| 000 | 00535nam a2200229Ia 4500 | ||
|---|---|---|---|
| 003 | OSt | ||
| 005 | 20221005132854.0 | ||
| 006 | a|||||r|||| 00| 0 | ||
| 007 | ta | ||
| 008 | 221004b |||||||| |||| 00| 0 kan d | ||
| 024 | _a61857 | ||
| 037 | _cTextual | ||
| 040 |
_aCRL _cCRL _bkan |
||
| 041 |
_2kan _akan |
||
| 082 | _aX5, 33J7 | ||
| 100 |
_aReddi Au. _9223634 |
||
| 245 | 0 | _aVanija shastra | |
| 260 | _c1957 | ||
| 650 | _aECONOMICS | ||
| 942 |
_hX5, 33J7 _cTEXL _2cc |
||
| 999 |
_c1065078 _d1065078 |
||